Statistics for Animals in UK Pub Names

Click here to take the quiz!

General Stats

  • This quiz has been taken 112 times
  • The average score is 16 of 30

Answer Stats

#AnswerMost common examples% Correct
2BeeB__hive
96%
17Horse/NagWhite H____, Black H____, Coach and H_____s
95%
20LionRed L___
93%
18Hound/Talbot/DogGreyh____, #12 and H____s, #15 and H____s, T_____, D__ and #22
92%
5BullB___, B___s Head, Black B___
89%
27RobinR____ Hood
85%
9EagleE____, Spread E____
84%
10ElephantE_______ and Castle
82%
8DragonGeorge and D_____
78%
28SwanS___, White S___, Black S___
78%
12FoxF__, F__ and #13, F__ and #18
77%
3BirdB___ in Hand
76%
15HareH___ and #18
66%
1BearB___
64%
16Hart/Stag/Roebuck/BuckWhite H___, S___
64%
13Goose#12 and G____
58%
4BoarB___s Head
52%
29TurtleT_____ Bay
49%
30UnicornU______
45%
19LambL___, L___ and Flag
44%
6CockC___
32%
11FalconF_____
26%
22Partridge#18 and P________
26%
24PheasantP_______
24%
23PeacockP______
18%
7Dolphin
D______
16%
26RavenR____
14%
14GriffinG______
12%
25PhoenixP______
9%
21MermaidM______
4%

Score Distribution

Percentile by Number Answered

Percent of People with Each Score

Your Score History

You have not taken this quiz